000 00493nam a2200193Ia 4500
005 20251020182612.0
008 200515s9999 xx 000 0 und d
082 _aSC/678.04+691.8/B57
110 _aBlanco Ingenieros
245 0 _aCave
260 _aLima
260 _c1991
300 _as.n.
520 _aCatálogos de productos Cave para trabajos con morteros, superficies, juntas, etc.
650 _aADITIVOS
650 _aIMPERMEABILIZANTES
650 _aMORTEROS
942 _cLIB
999 _c3372
_d3372